Almacenamiento de carbono en ecosistemas terrestres para mitigar el cambio climático global (Registro nro. 7549)
[ vista simple ]
| 000 -CABECERA | |
|---|---|
| Campo de control | 00718nam a22002297a 4500 |
| 005 - FECHA Y HORA DE LA ULTIMA TRANSACCION | |
| Campo de control | 20200104041618.0 |
| 008 - ELEMENTOS DE LONGITUD FIJA—INFORMACION GENERAL | |
| Campo de control | 130813b ck ||||| |||| 00| 0 spa d |
| 020 ## - ISBN | |
| ISBN | 9589386490 |
| 041 ## - IDIOMA | |
| Código de idioma para texto/pista de sonido o título separado | Español |
| 044 ## - PAÍS DE PUBLICACIÓN | |
| País de publicación | Colombia |
| 082 04 - NUMERO DE CLASIFICACION DECIMAL DEWEY | |
| Número de clasificación | 304.25 |
| Número del ítem | A51a |
| 245 00 - MENCION DE TITULO | |
| Título | Almacenamiento de carbono en ecosistemas terrestres para mitigar el cambio climático global |
| 260 ## - PUBLICACION, DISTRIBUCION, ETC. (PIE DE IMPRENTA) | |
| Lugar de publicación, distribución, etc. | Colombia: |
| Nombre del editor, distribuidor, etc. | CIPAV, |
| Fecha de publicación, distribución, etc. | [?] |
| 300 ## - DESCRIPCION FISICA | |
| Extensión | 68 p. |
| Otros detalles físicos | il., (col), tablas |
| Dimensiones | 22 cm. |
| 650 #4 - ASIENTO SECUNDARIO DE MATERIA - TERMINO TEMATICO | |
| Término temático o nombre geográfico como elemento de entrada | Ecosistemas terrestres |
| 650 #6 - ASIENTO SECUNDARIO DE MATERIA - TERMINO TEMATICO | |
| Término temático o nombre geográfico como elemento de entrada | Cambios climáticos |
| 650 #6 - ASIENTO SECUNDARIO DE MATERIA - TERMINO TEMATICO | |
| Término temático o nombre geográfico como elemento de entrada | Climatología |
| 650 #4 - ASIENTO SECUNDARIO DE MATERIA - TERMINO TEMATICO | |
| Término temático o nombre geográfico como elemento de entrada | Efecto invernadero |
| 650 #6 - ASIENTO SECUNDARIO DE MATERIA - TERMINO TEMATICO | |
| Término temático o nombre geográfico como elemento de entrada | Clima |
| Subdivisión general | efectos sociales |
| 650 #6 - ASIENTO SECUNDARIO DE MATERIA - TERMINO TEMATICO | |
| Término temático o nombre geográfico como elemento de entrada | Tiempo |
| Subdivisión general | efectos sociales |
| 942 ## - ELEMENTOS ADICIONALES (KOHA) | |
| Sistema de clasificación | Dewey Decimal Classification |
| Tipo de ítem | Libro |
| Koha issues (borrowed), all copies | 1 |
| Withdrawn status | Lost status | Sistema de Clasificación | Damaged status | No para préstamo | Colección | Inventariado | Ubicación Permanente | Ubicación actual | Fecha de adquisición | Fuente de Valor | Valor | Total Checkouts | Número topográfico | Inventario / Código de Barras | Date last seen | Date checked out | Ejemplar | Price effective from | Forma de adquisición | Tipo de material |
|---|---|---|---|---|---|---|---|---|---|---|---|---|---|---|---|---|---|---|---|---|
| Dewey Decimal Classification | General | Inventariado 2017 | Bogotá | Bogotá | 13/08/2013 | Instituto | 39000.00 | 1 | LB-304.25 A51a | 058333 | 09/09/2013 | 05/09/2013 | Ej. 2 | 13/08/2013 | Libro |